LDR 00707naa#a2200181#i#450# 001 EN\\bibl\121411 005 20260514015130.4 011 ## _a1994-4683 100 ## _a20230531b2023####ek#y0engy0150####ca 102 ## _aRU 200 1# _aCOMPARATIVE ANALYSIS OF PHYSICAL FITNESS INDICATORS OF 8-9 YEARS- OLD TENNIS PLAYERS WITH NORMATIVE VALUES OF THE FEDERAL STANDARD OF SPORTS TRAINING FOR THE SPORT TENNIS _eJournal article 210 1# _aMoscow _cNational State University of Physical Education, Sports and Health named after P.F. Lesgaft _d2023 215 ## _a5 с. 608 ## _aJournal article _2local 675 ## _aТеннис. Лаун-теннис. 796.342 _z 700 #1 _a _g 700 #1 _a _g 856 4# _auchzapiski.lesgaft.spb.ru _u